Acerte o País com essas dicas#3 - Statistics

Estatísticas Gerais
  • Esse quiz foi jogado 226 vezes
  • A pontuação média é 7 de 15
Estatísticas das Respostas
Dica País % Correto
Sociedade dividida em castas sociais Índia
78%
País dos bancos Suíça
75%
Maior país insular africano Madagascar
71%
Sua maior cidade é dividida a única no mundo que faz parte de dois continentes Turquia
66%
Sofreu com a política do Holodomor de fome extrema durante o regime soviético Ucrânia
59%
Chamada por muitos de Rússia Branca Belarus
56%
País mais seguro do mundo para se viver Islândia
53%
País mais novo da Europa Kosovo
53%
País mais novo da África Sudão do Sul
51%
Única nação que na história já venceu uma guerra contra os EUA Vietnã
51%
É lá que fica o monte Kilimanjaro(montanha mais alto da África) Tanzânia
46%
No início do século 20, os EUA fizeram mas das maiores obras que o mundo já viu em seu território Panamá
34%
Único país que está nos 4 hemisférios(cortado pelo equador e pela linha internacional de data) Kiribati
17%
País mais novo das Américas Barbados
16%
Sua capital é a cidade mais densamente populosa do mundo Filipinas
6%
Nenhum quiz correspondente encontrado
Distribuição das Pontuações
Porcentagem de Pessoas com Cada Pontuação
Percentil de Números Respondidos
Sua Pontuação Histórica
Você não jogou esse quiz